|
|
|
|
| LEADER |
00000nam0a2200000 4500 |
| 001 |
354288 |
| 005 |
20231102010657.0 |
| 035 |
|
|
|a (RuTPU)RU\TPU\retro\11546
|
| 090 |
|
|
|a 354288
|
| 100 |
|
|
|a 20200617d1973 km y0rusy50 ca
|
| 101 |
0 |
|
|a rus
|
| 102 |
|
|
|a RU
|
| 105 |
|
|
|a a z 001zy
|
| 200 |
1 |
|
|a Термокислительное коксование углей
|f К. И. Сысков, О. Н. Машенков
|
| 210 |
|
|
|a Москва
|c Металлургия
|d 1973
|
| 215 |
|
|
|a 176 с.
|c ил.
|
| 320 |
|
|
|a Библиогр.: с. 172-175
|
| 606 |
1 |
|
|a Коксование
|x Углеподготовка
|2 stltpush
|3 (RuTPU)RU\TPU\subj\33258
|9 55551
|
| 610 |
1 |
|
|a спекание
|
| 610 |
1 |
|
|a термоокисление
|
| 610 |
1 |
|
|a углеродистые материалы
|
| 610 |
1 |
|
|a кусковатость
|
| 610 |
1 |
|
|a колосниковые решетки
|
| 610 |
1 |
|
|a гранулирование
|
| 610 |
1 |
|
|a полукокс
|
| 610 |
1 |
|
|a практическое использование
|
| 675 |
|
|
|a 662.741.02
|v 4
|
| 700 |
|
1 |
|a Сысков
|b К. И.
|g Константин Иванович
|
| 701 |
|
1 |
|a Машенков
|b О. Н.
|g Олег Николаевич
|
| 801 |
|
1 |
|a RU
|b 63413507
|c 20200617
|
| 801 |
|
2 |
|a RU
|b 63413507
|c 20201215
|g RCR
|
| 942 |
|
|
|c BK
|